00477 2200205 4500001002100000008004100021035002000062245004300082100002000125250000600145260002500151300001200176084001400188082000800202650001300210990001200223990001200235990001200247990001200259INLIS000000000000675 ind  a0010-0424000651 aMengenal Lembar KerjacSuharno Widi N. aWidi N, Suharno a1 aJakarta :bBSDc2008 a106 hlm a600 SUH m a600 aNonfiksi a0721754 a0721755 a0721756 a0721757